02496cam a22003494a 450000100090000000300040000900500170001300800410003001000170007102000230008803500130011104000180012405000230014208200160016524502580018126000440043930000210048333600260050433700280053033800270055850400660058550510310065161000490168263000480173165000290177970000390180885600830184790600450193094200120197599900170198795201420200414886537OSt20260121145335.0070611s2007 ilu b 001 0 eng  a 2007024323 a9781581349689qtpb a14886537 aDLCcDLCdDLC00aBR1640.A1bQ5 200700a270.8/222200aQuo vadis, Evangelicalism? :bperspectives on the past, direction for the future : presidential addresses from the first fifty years of the Journal of the Evangelical Theological Society /cedited by Andreas J. Köstenberger ; foreword by Roger Nicole. aWheaton, Ill. :bCrossway Books,c2007. a233 p. ;c23 cm. atextbtxt2rdacontent aunmediatedbn2rdamedia avolumebnc2rdacarrier aIncludes bibliographical references (p. [219]-220) and index.0 aIntroduction: Quo vadis, Evangelicals? / Andreas J. Köstenberger -- The early years (1958-1970) : foundations -- The infallibility of Scripture and Evangelical progress / Ned Stonehouse -- Whither evangelicalism? / Warren C. Young -- The Evangelical Theological Society tomorrow / Gordon H. Clark -- The maturing movement (1971-1999) : critical issues -- Evangelical theology : where should we be going? / Stanley N. Gundry -- The historical-critical method : Egyptian gold or pagan precipice? / Alan F. Johnson -- Can two walk together unless they be agreed? : Evangelical theology and biblical scholarship / Moisés Silva -- Recent reflections (2000-2007) : guiding visions -- The purpose-driven ETS : where should we go? : a look at Jesus studies and other example cases / Darrell L. Bock -- Evangelical theological scholarship in the twenty-first century / Millard J. Erickson -- Faithfulness : a prescription for theology / Craig Blaising -- Epilogue: Evangelicalism : the next fifty years / Andreas J. Köstenberger.20aEvangelical Theological SocietyxPresidents.00aJournal of Evangelical Theological Society. 0aEvangelicalismxHistory.1 aKöstenberger, Andreas J.,d1957-413Table of contents onlyuhttp://www.loc.gov/catdir/toc/ecip0720/2007024323.html a7bcbccorignewd1eecipf20gy-gencatlg 2lcccBK c21086d21085 00102lcc70aKABUbKABUcGENd2026-01-21eDonationi2025/2215l0oBR1640.A1 Q5 2007 C.1p39689r2026-01-21 14:55:05tC.1w2026-01-21yBK